5 Biggest Cities by Country #1 - Statistics

General Stats
  • This quiz has been taken 55 times
  • The average score is 24 of 40
Answer Stats
Country City % Correct
United States Chicago
96%
United States Los Angeles
96%
United States New York City
96%
United Kingdom London
90%
China Beijing
88%
United Kingdom Manchester
88%
China Shanghai
88%
United Kingdom Birmingham
85%
India Delhi
85%
Japan Tokyo
85%
India Mumbai
83%
United Kingdom Liverpool
81%
India Kolkata
79%
United Kingdom Leeds
79%
Ethiopia Addis Ababa
77%
China Guangzhou
77%
United States Houston
77%
Japan Osaka
77%
United States Washington DC
77%
United States Boston
71%
India Chennai
67%
United Kingdom Glasgow
67%
India Bangalore
60%
China Shenzhen
58%
India Hyderabad
56%
Japan Nagoya
52%
Japan Sapporo
52%
United States Phoenix
50%
China Chongqing
48%
China Xiamen
48%
China Chengdu
46%
India Ahmedabad
44%
Japan Yokohama
38%
United Kingdom Bristol
35%
Japan Fukuoka
35%
Ethiopia Bahir Dar
4%
Ethiopia Dire Dawa
4%
Ethiopia Gondar
4%
Ethiopia Mek'ele
2%
Ethiopia Nazret
2%
No matching quizzes found
Score Distribution
Percent of People with Each Score
Percentile by Number Answered
Your Score History
You have not taken this quiz